Ο θίασος των Αθηναίων : μυθιστόρημα
Αποθηκεύτηκε σε:
| Κύριος συγγραφέας: | |
|---|---|
| Μορφή: | Βιβλίο |
| Γλώσσα: | Greek |
| Δημοσίευση: |
Αθήνα :
Καστανιώτης,
2000.
|
| Έκδοση: | 2η έκδ. |
| Θέματα: | |
| Ετικέτες: |
Προσθήκη ετικέτας
Δεν υπάρχουν, Καταχωρήστε ετικέτα πρώτοι!
|
MARC
| LEADER | 00000nam a2200000 a 4500 | ||
|---|---|---|---|
| 001 | 1/126982 | ||
| 008 | 230707s2000####gr | ||| |||| ||gre|| | ||
| 020 | |a 9600324476 | ||
| 040 | |a GR-MyUa |b gre |c GR-MyUa |e AACR2 | ||
| 041 | 0 | |a gre | |
| 082 | 7 | |a 889.334 |2 (23) | |
| 100 | 1 | |a Γκουρογιάννης, Βασίλης, |d 1951- | |
| 245 | 1 | 2 | |a Ο θίασος των Αθηναίων : |b μυθιστόρημα / |c Βασίλης Γκουρογιάννης. |
| 250 | |a 2η έκδ. | ||
| 260 | |a Αθήνα : |b Καστανιώτης, |c 2000. | ||
| 300 | |a 397 σ. ; |c 21 εκ. | ||
| 650 | 0 | |a Greek literature, Modern |y 20th century. | |
| 650 | 0 | |a Greek fiction, Modern |y 20th century. | |
| 852 | |a INST |b RHODES |e 20230707 |h 889.34 ΓΚΟ |p 005400043694 |q 005400043694 |t BK |y 0 | ||
| 970 | |z 07.07.2023 | ||